Understanding the linux kernel (Record no. 198548)

MARC details
000 -LEADER
fixed length control field 00432nam a2200157Ia 4500
005 - DATE AND TIME OF LATEST TRANSACTION
control field 20250410114422.0
008 - FIXED-LENGTH DATA ELEMENTS--GENERAL INFORMATION
fixed length control field 231217s9999 xx 000 0 und d
020 ## - INTERNATIONAL STANDARD BOOK NUMBER
International Standard Book Number 9788173665899
082 ## - DEWEY DECIMAL CLASSIFICATION NUMBER
Classification number 001.6424LIN BOV;4
100 ## - MAIN ENTRY--PERSONAL NAME
Personal name Bovet, Daniel P. Cesati, Marco.
245 #0 - TITLE STATEMENT
Title Understanding the linux kernel
250 ## - EDITION STATEMENT
Edition statement 2nd ed.
260 ## - PUBLICATION, DISTRIBUTION, ETC. (IMPRINT)
Date of publication, distribution, etc. 2003
Name of publisher, distributor, etc. Shroff publishers & Distributors
Place of publication, distribution, etc. Mumbai
300 ## - PHYSICAL DESCRIPTION
Extent xv, 765+9
942 ## - ADDED ENTRY ELEMENTS (KOHA)
Koha item type Books
Holdings
Date last seen Total Checkouts Full call number Accession number Price effective from Category Lost status Damaged status Department Withdrawn status Permanent Location Current Location Shelving location Entry date Currency symbol Conversion rate Discount Discount type
26/01/2024   001.6424LIN BOV;4 92162 26/01/2024 Books     Central Library   Central Library Central Library Central Library 20/09/2018 RS 1   Rupees

© For any Suggestions or Query, please contact the library staff @ librarian@pes.edu or Phone: +9180 2672 1983/ 2108.